000 00370nam a22001577a 4500
003 OSt
008 200713b ||||| |||| 00| 0 eng d
082 _a615.321AGT
100 _aAgarwal , Nitin
245 _aText book of Pharmacognosy & Phytochemistry
250 _a2019
260 _aAgra
_bR. Narain
300 _a160
650 _aPharmacognosy
942 _2ddc
_cBK
999 _c8855
_d8855